Historia general / (Record no. 42223)
[ view plain ]
| 000 -LEADER | |
|---|---|
| campo de control de longitud fija | 01020nam a2200253 i 4500 |
| 001 - NÚMERO DE CONTROL | |
| campo de control | 42223 |
| 003 - IDENTIFICADOR DE NÚMERO DE CONTROL | |
| campo de control | ES-MaACL |
| 005 - FECHA Y HORA DE LA ÚLTIMA TRANSACCIÓN | |
| campo de control | 20250923160913.0 |
| 007 - CAMPO FIJO DE DESCRIPCIÓN FÍSICA--INFORMACIÓN GENERAL | |
| campo de control de longitud fija | t| |
| 008 - DATOS DE LONGITUD FIJA--INFORMACIÓN GENERAL | |
| campo de control de longitud fija | 030313s1943 sp ||||1| spa d |
| 245 00 - MENCIÓN DEL TÍTULO | |
| Título | Historia general / |
| Mención de responsabilidad, etc. | dirigida por Alberto del Castillo. |
| 260 ## - PUBLICACIÓN, DISTRIBUCIÓN, ETC. | |
| Lugar de publicación, distribución, etc. | Barcelona : |
| Nombre del editor, distribuidor, etc. | Apolo, |
| Fecha de publicación, distribución, etc. | [1943] ( |
| Fabricante | Tip. "La Académica") |
| 300 ## - DESCRIPCIÓN FÍSICA | |
| Extensión | 3 v. ; |
| Dimensiones | 20 cm. |
| 490 1# - MENCIÓN DE SERIE | |
| Mención de serie | Manuales de iniciación Apolo |
| 505 8# - NOTA DE CONTENIDO CON FORMATO | |
| Nota de contenido con formato | Contiene: I. Tiempos antiguos: Prehistoria, Oriente, Grecia / por Salvador Espriu ; Roma / por Enrique Bagué - II. Tiempos medios / por Alberto del Castillo - III. Tiempos modernos / por J. Vicens Vives |
| 650 #7 - PUNTO DE ACCESO ADICIONAL DE MATERIA--TÉRMINO DE MATERIA | |
| Término de materia o nombre geográfico como elemento de entrada | Historia universal |
| Fuente del encabezamiento o término | embne |
| 9 (RLIN) | 13429 |
| 700 1# - ENTRADA AGREGADA--NOMBRE PERSONAL | |
| Nombre de persona | Espriu, Salvador, |
| Fechas asociadas al nombre | 1913-1985 |
| 9 (RLIN) | 47947 |
| 700 1# - ENTRADA AGREGADA--NOMBRE PERSONAL | |
| Nombre de persona | Bagué, Enric, |
| Fechas asociadas al nombre | 1900-1987 |
| 9 (RLIN) | 161547 |
| 700 1# - ENTRADA AGREGADA--NOMBRE PERSONAL | |
| Nombre de persona | Castillo, Alberto del. |
| 9 (RLIN) | 36670 |
| 700 1# - ENTRADA AGREGADA--NOMBRE PERSONAL | |
| Nombre de persona | Vicens Vives, Jaime, |
| Fechas asociadas al nombre | 1910-1960 |
| 9 (RLIN) | 114319 |
| 830 1# - PUNTO DE ACCESO ADICIONAL DE SERIE-TÍTULO UNIFORME | |
| Título uniforme | Manuales de iniciación Apolo |
| 9 (RLIN) | 182718 |
| 852 ## - LOCALIZACIÓN | |
| Ubicación | ES-MaACL |
| Número de control de estantería | F-14047-49 |
| Estatus retirado | Estado de pérdida | Estado de daño | No para préstamo | Biblioteca de origen | Biblioteca actual | Ubicación en estantería | Fecha de adquisición | Fuente de adquisición | Total de préstamos | Signatura topográfica completa | Código de barras | Visto por última vez | Precio de reemplazo | Tipo de ítem Koha |
|---|---|---|---|---|---|---|---|---|---|---|---|---|---|---|
| Biblioteca del Ateneo de Madrid | Biblioteca del Ateneo de Madrid | Sala Pecera Planta 2 | 17/01/2008 | F-14047-49 | 1044438 | 23/02/2023 | 23/02/2023 | Libro impreso |
